Race and the news media /

Bibliographic Details
Corporate Authors: Freedom of Information Conference University of Missouri, University of Missouri. Freedom of Information Center, B'nai B'rith. Anti-defamation League
Other Authors: Fisher, Paul L. (Paul Leslie), 1918-, Lowenstein, Ralph Lynn, 1930-
Format: Conference Proceeding Book
Language:English
Published: New York : Praeger, [1967]
Subjects:

MARC

Tag First Indicator Second Indicator Subfields
LEADER 00000cam a22000001 4500
001 in00000242582
005 20151010050957.0
008 740518s1967 nyu 10000 eng
010 |a  67027840  
035 |a (OCoLC)00991325 
035 |9 ABB3430AM 
040 |a DLC  |c DLC  |d TXA  |d UtOrBLW 
043 |a n-us--- 
049 |a TXAM  |c [915262] 
050 0 0 |a E185.61  |b .F84 1965aa 
082 0 |a 323.4 
111 2 |a Freedom of Information Conference  |n (8th :  |d 1965 :  |c University of Missouri) 
245 1 0 |a Race and the news media /  |c Edited by Paul L. Fisher and Ralph Lowenstein. 
264 1 |a New York :  |b Praeger,  |c [1967] 
300 |a x, 158 pages ;  |c 21 cm. 
336 |a text  |b txt  |2 rdacontent 
337 |a unmediated  |b n  |2 rdamedia 
338 |a volume  |b nc  |2 rdacarrier 
500 |a Papers and summaries of discussion sessions of the conference sponsored by the Freedom of Information Center of the University of Missouri and the Anti-Defamation League of B'nai B'rith. 
650 0 |a African Americans  |x Civil rights. 
650 0 |a Press  |z United States. 
700 1 |a Fisher, Paul L.  |q (Paul Leslie),  |d 1918- 
700 1 |a Lowenstein, Ralph Lynn,  |d 1930- 
710 2 |a University of Missouri.  |b Freedom of Information Center. 
710 2 |a B'nai B'rith.  |b Anti-defamation League. 
999 |a MARS 
999 f f |s 11547a9d-c5e1-348b-baef-8d80939a363b  |i c9576ce6-cc4c-30d5-bb74-d7a18edce541  |t 0 
952 f f |p ric  |a Texas A&M University  |b Rellis Campus  |c Joint Library Facility  |d Remote Storage  |t 0  |e E185.61 .F84 1965aa  |h Library of Congress classification  |i unmediated -- volume  |m A14802187245 
998 f f |a E185.61 .F84 1965aa  |t 0  |l Remote Storage